000
00259nam a2200097Ia 4500
005
20250424112854.0
008
250424s9999 xx 000 0 und d
300
_a
529 p. : ill. ; 24 cm
650
_a
Investments--Periodicals. Finance--Periodicals.
942
_c
SR
999
_c
37621
_d
37621